The Adjustment Processes of Labour Co-operatives with Constant Returns to Scale and Perfect Competition (Registro nro. 26501)

Detalles MARC
000 -LEADER
fixed length control field 00390 a2200109 4500
001 - CONTROL NUMBER
control field ART_12607
005 - DATE AND TIME OF LATEST TRANSACTION
control field 20260410161907.0
008 - FIXED-LENGTH DATA ELEMENTS--GENERAL INFORMATION
fixed length control field 260409a
100 1# - MAIN ENTRY--PERSONAL NAME
Personal name Meade, James E.
245 10 - TITLE STATEMENT
Title The Adjustment Processes of Labour Co-operatives with Constant Returns to Scale and Perfect Competition
773 0# - HOST ITEM ENTRY
Title The Economic Journal
Related parts - Vol. 89, Nº 356 (dic. 1979)
Record control number REV12512

No hay ítems disponibles.